000 00500cam a2200181ua 4500
001 4151
008 111219n ii |||gr||||Z||||||asm
040 _cMAIN
082 _a891.4513
100 1 _aBhuyan, Kirti Kamal,
_eTranslator.,
245 1 1 _aBibhinna deshar srestha galpa
_cby Kirti Kamal Bhuyan
250 _a1st.
260 _aGuwahati:
_bPublication board assam,
_c2005.
300 _a189p:
_c23cm.
653 _aAssamese short stories
653 _aBibhinna deshar srestha galpa
942 _cBK
999 _c3973
_d3973